Meilleur pv 5g - Statistiques

Statistiques générales
  • Ce quiz a été pris 8 fois
    6 depuis la dernière actualisation
  • Le résultat moyen est 14 sur 19
Statistiques - réponses
Hint Réponse % Correct
105 betochef
100%
120 judokrak
100%
125 kyurem
100%
116 mushana
100%
100 reshiram
100%
110 symbios
100%
110 vaututrice
100%
100 zekrom
100%
105 darumacho
67%
114 gaulet
67%
100 meloetta
67%
110 minotaupe
67%
100 moyade
67%
110 roitiflam
67%
100 victini
67%
109 limonde
33%
165 mamanbo
33%
103 nanmeouie
33%
103 mega nanmeouie
0%
Aucun quiz correspondant
Distribution des résultats
% des personnes avec chaque résultat
Percentile par nombre de réponses
Votre historique - résultats
Vous n’avez pas pris ce quiz depuis la dernière actualisation